000 00319nam a2200133Ia 4500
008 240112s1967 xx 000 0 und d
041 _aeng
082 _a616.4205
100 _aCHURG J.
245 _aTHE NEW ENGLAND JOURNAL OF MEDICINE
260 _bBYBEE J.D.
_c1967
300 _a1518,HB
_c(1-26)
440 _v276
999 _c1140858
_d1140858